Home shopping boosted by traditional retailers. (Record no. 61554)

MARC details
000 -LEADER
fixed length control field 00639cam a2200169 4500
001 - CONTROL NUMBER
control field WB3532-14
008 - FIXED-LENGTH DATA ELEMENTS--GENERAL INFORMATION
fixed length control field 000000n1999 000 0 eng u
035 ## - SYSTEM CONTROL NUMBER
System control number (Sirsi) u102548
245 ## - TITLE STATEMENT
Title Home shopping boosted by traditional retailers.
260 ## - PUBLICATION, DISTRIBUTION, ETC.
Date of publication, distribution, etc. 1999
490 ## - SERIES STATEMENT
Series statement Financial Times
Volume/sequential designation 16 August 1999. 6(1)
520 ## - SUMMARY, ETC.
Summary, etc. Verdict estimates that the home shopping market grew almost twice as fast as the retail sector as a whole in 1998 due to the greater willingness of traditional retailers to participate in this sector of the market.
650 ## - SUBJECT ADDED ENTRY--TOPICAL TERM
Topical term or geographic name entry element HOME SHOPPING
650 ## - SUBJECT ADDED ENTRY--TOPICAL TERM
Topical term or geographic name entry element RETAIL
690 ## - LOCAL SUBJECT ADDED ENTRY--TOPICAL TERM (OCLC, RLIN)
Topical term or geographic name as entry element ECONOMIC AND SOCIAL
942 ## - ADDED ENTRY ELEMENTS (KOHA)
Suppress in OPAC 0
Holdings
Withdrawn status Lost status Source of classification or shelving scheme Damaged status Not for loan Home library Current library Shelving location Date acquired Total Checkouts Full call number Barcode Date last seen Copy number Price effective from Koha item type
    Dewey Decimal Classification     London London News article 22/11/1999   WB3532-14 102548-1001 06/08/2019 1 06/08/2019 News article